[Event "IRI-ch U12"]
[Site "Chess.com INT"]
[Date "2021.01.16"]
[Round "11"]
[White "Naderi, Arad"]
[Black "Rahmanian, Hosein"]
[Result "1-0"]
[WhiteElo "1098"]
[BlackElo "1210"]
[PlyCount "69"]
[EventDate "2021.01.16"]
[EventType "swiss"]
[EventRounds "11"]
[EventCountry "IRI"]
[SourceTitle "EXT 2022"]
[Source "ChessBase"]
[SourceDate "2021.10.06"]
[SourceVersion "1"]
[SourceVersionDate "2021.10.06"]
[SourceQuality "1"]

1. e4 e5 2. Nf3 Nc6 3. Bc4 Be7 4. 0-0 Nf6 5. d3 0-0 6. Nc3 d6 7. Be3 Be6 8. Nd5 a6 9. Nxe7+ Qxe7 10. Bxe6 fxe6 11. Bg5 h6 12. Bh4 d5 13. exd5 exd5 14. Re1 Qd6 15. Bg3 Nd7 16. d4 Rae8 17. Re2 Qf6 18. dxe5 Ncxe5 19. Qxd5+ Qf7 20. Qxf7+ Rxf7 21. Nxe5 Nxe5 22. Rxe5 Rd8 23. Rae1 Kf8 24. Rc5 Rfd7 25. Bxc7 Rd1 26. Rce5 R8d7 27. Ba5 R7d5 28. Rxd5 Rxd5 29. Bb4+ Kg8 30. h3 a5 31. Bc3 a4 32. Re8+ Kf7 33. Rb8 b5 34. Rb7+ Ke6 35. Rxg7 1-0

[Event "IRI-ch U12"]
[Site "Chess.com INT"]
[Date "2021.01.16"]
[Round "7"]
[White "Pahlavanzadeh, Yalta"]
[Black "Rahmanian, Hosein"]
[Result "1/2-1/2"]
[WhiteElo "1041"]
[BlackElo "1210"]
[PlyCount "100"]
[EventDate "2021.01.16"]
[EventType "swiss"]
[EventRounds "11"]
[EventCountry "IRI"]
[SourceTitle "EXT 2022"]
[Source "ChessBase"]
[SourceDate "2021.10.06"]
[SourceVersion "1"]
[SourceVersionDate "2021.10.06"]
[SourceQuality "1"]

1. e4 e5 2. Nf3 Nc6 3. d4 exd4 4. Nxd4 d6 5. Nxc6 bxc6 6. Bc4 Nf6 7. Nc3 Be7 8. 0-0 Bg4 9. f3 Be6 10. Bxe6 fxe6 11. Be3 0-0 12. Qe2 Qd7 13. Rfd1 h6 14. Rd2 Nh7 15. Rad1 Bg5 16. Bxg5 Nxg5 17. e5 d5 18. Ne4 Nxe4 19. fxe4 Rab8 20. b3 a5 21. c4 Ra8 22. exd5 cxd5 23. cxd5 Rfe8 24. Qc4 exd5 25. Qxd5+ Qxd5 26. Rxd5 a4 27. b4 c6 28. Rc5 Rad8 29. Rxd8 Rxd8 30. Rxc6 Rd1+ 31. Kf2 Rd2+ 32. Kg3 Rxa2 33. e6 Kf8 34. b5 Rb2 35. Ra6 Rxb5 36. Rxa4 Re5 37. Ra6 Ke7 38. Ra7+ Kf6 39. e7 Rxe7 40. Rxe7 Kxe7 41. Kg4 Kf6 42. Kh5 Kf5 43. g4+ Kf6 44. Kh4 g5+ 45. Kh5 Kg7 46. h3 Kh7 47. h4 gxh4 48. Kxh4 Kg6 49. Kg3 h5 50. gxh5+ Kxh5 1/2-1/2

[Event "IRI-ch U12"]
[Site "Chess.com INT"]
[Date "2021.01.16"]
[Round "6"]
[White "Rahmanian, Hosein"]
[Black "Alaedin, Karen"]
[Result "0-1"]
[WhiteElo "1210"]
[BlackElo "1189"]
[PlyCount "140"]
[EventDate "2021.01.16"]
[EventType "swiss"]
[EventRounds "11"]
[EventCountry "IRI"]
[SourceTitle "EXT 2022"]
[Source "ChessBase"]
[SourceDate "2021.10.06"]
[SourceVersion "1"]
[SourceVersionDate "2021.10.06"]
[SourceQuality "1"]

1. e4 e5 2. Nf3 Nc6 3. Bb5 d6 4. 0-0 Bg4 5. h3 Bh5 6. c3 Nf6 7. Re1 a6 8. Bxc6+ bxc6 9. d3 Be7 10. Nbd2 Qd7 11. Nf1 0-0 12. Ng3 Bg6 13. d4 exd4 14. cxd4 Rad8 15. Bg5 h6 16. Bxf6 Bxf6 17. e5 dxe5 18. dxe5 Qxd1 19. Raxd1 Be7 20. b3 Rxd1 21. Rxd1 Rd8 22. Rc1 c5 23. b4 cxb4 24. Rxc7 Bf8 25. Rc6 a5 26. Ra6 Bc5 27. Rxa5 Rd1+ 28. Nf1 Bb6 29. Rb5 Ba7 30. Rxb4 Bd3 31. N3d2 Bc5 32. Rb3 Be2 33. Rb1 Rxb1 34. Nxb1 Bd4 35. e6 fxe6 36. Nfd2 Bd3 37. h4 Bf6 38. g3 Kf7 39. Kg2 e5 40. Kf3 Ke6 41. Ke3 Bh7 42. Nc3 g5 43. h5 g4 44. f3 Bg5+ 45. f4 Bf6 46. Nde4 exf4+ 47. gxf4 Be7 48. Nf2 Bc5+ 49. Ke2 Kf5 50. Nd3 Bd4 51. Na4 Bg8 52. a3 Bb3 53. Nac5 Bc4 54. a4 Bxc5 55. Kd2 Bxd3 56. Kxd3 Kxf4 57. Kc4 Be3 58. Kb5 g3 59. a5 g2 60. Ka6 g1Q 61. Kb7 Qg7+ 62. Kc6 Qf6+ 63. Kb7 Qe7+ 64. Kc6 Ke4 65. a6 Qc5+ 66. Kb7 Qa7+ 67. Kc6 Qb6+ 68. Kd7 Kd5 69. Ke7 Qe6+ 70. Kd8 Bb6# 0-1